[Event "TUR-chT 2nd League"]
[Site "Konya"]
[Date "2022.08.23"]
[Round "2.15"]
[White "Altay, Kerim Baturay"]
[Black "Dinke, Abdullah"]
[Result "0-1"]
[WhiteElo "1433"]
[BlackElo "1828"]
[PlyCount "58"]
[EventDate "2022.08.22"]
[EventType "team-swiss"]
[EventRounds "9"]
[EventCountry "TUR"]
[SourceTitle "CBM 210 Extra"]
[Source "ChessBase"]
[SourceDate "2022.11.30"]
[SourceVersion "1"]
[SourceVersionDate "2022.11.30"]
[SourceQuality "1"]
[WhiteTeam "Yalova Altinkale"]
[BlackTeam "Marmara Universitesi"]
[WhiteTeamCountry "TUR"]
[BlackTeamCountry "TUR"]

1. e4 e6 2. d4 d5 3. Nc3 Nf6 4. exd5 exd5 5. Bg5 Be6 6. Bd3 Nc6 7. Nge2 h6 8. Bh4 Be7 9. Qd2 Qd7 10. Bg3 Nh5 11. 0-0-0 Nxg3 12. hxg3 0-0-0 13. Kb1 Bg5 14. f4 Bf6 15. Bb5 Qd6 16. Na4 Bg4 17. c3 b6 18. Rde1 Kb7 19. Qd3 Nb8 20. Nc1 a6 21. c4 axb5 22. cxb5 Qb4 23. Nc3 Qxd4 24. Qc2 Qc4 25. f5 Rhe8 26. Rxe8 Rxe8 27. Qd2 d4 28. Nd1 Bxf5+ 29. Ka1 Bg5 0-1

[Event "TUR-chT 2nd League"]
[Site "Konya"]
[Date "2022.08.23"]
[Round "3.12"]
[White "Dinke, Abdullah"]
[Black "Kurt, Emre"]
[Result "1/2-1/2"]
[WhiteElo "1828"]
[BlackElo "1651"]
[PlyCount "134"]
[EventDate "2022.08.22"]
[EventType "team-swiss"]
[EventRounds "9"]
[EventCountry "TUR"]
[SourceTitle "CBM 210 Extra"]
[Source "ChessBase"]
[SourceDate "2022.11.30"]
[SourceVersion "1"]
[SourceVersionDate "2022.11.30"]
[SourceQuality "1"]
[WhiteTeam "Marmara Universitesi"]
[BlackTeam "Gulbahcesi Egitim"]
[WhiteTeamCountry "TUR"]
[BlackTeamCountry "TUR"]

1. e4 c5 2. Nf3 d6 3. d4 cxd4 4. Nxd4 Nf6 5. f3 e5 6. Nb3 a5 7. a4 Be7 8. Nc3 Be6 9. Be3 0-0 10. Nd5 Nxd5 11. exd5 Bf5 12. Qd2 Qc7 13. c3 Nd7 14. Be2 Nb6 15. Nc1 Rfc8 16. 0-0 Bd7 17. b3 f5 18. Na2 Be8 19. Bb5 Bxb5 20. axb5 a4 21. Rfb1 axb3 22. Rxb3 Qc4 23. Qb2 Nxd5 24. Bf2 Nf4 25. Rd1 Nd3 26. Qb1 Nxf2 27. Kxf2 d5 28. Kg1 e4 29. fxe4 Bc5+ 30. Kh1 fxe4 31. Nb4 Bxb4 32. Rxb4 Qxc3 33. Rbd4 Rc5 34. h3 Ra5 35. Rb4 b6 36. Rb3 Qc4 37. Qb2 Ra8 38. Rb4 Qa2 39. Qe5 Qf2 40. Qe6+ Qf7 41. Qxb6 Rc2 42. Qd4 Rf2 43. Qxd5 Qxd5 44. Rxd5 Re8 45. Rd1 e3 46. Re1 e2 47. Kg1 Ref8 48. Rbb1 R2f6 49. Rxe2 Rb6 50. Rf2 Re8 51. Kf1 Re5 52. Rfb2 Rf6+ 53. Kg1 Rb6 54. Kh2 Rf5 55. Rb3 h5 56. Rb4 Kh7 57. R1b3 Kg8 58. g4 hxg4 59. hxg4 Rc5 60. Kg3 g5 61. Kf3 Re5 62. Kf2 Kg7 63. Kg2 Kg8 64. Kh3 Rh6+ 65. Kg3 Rb6 66. Rf3 Rexb5 67. Rxb5 Rxb5 1/2-1/2

[Event "Istanbul op"]
[Site "Istanbul"]
[Date "2019.08.26"]
[Round "1"]
[White "Shanava, Konstantine"]
[Black "Dinke, Abdullah"]
[Result "1-0"]
[WhiteElo "2496"]
[BlackElo "1876"]
[PlyCount "81"]
[EventDate "2019.08.26"]
[EventType "swiss"]
[EventRounds "9"]
[EventCountry "TUR"]
[SourceTitle "EXT 2020"]
[Source "ChessBase"]
[SourceDate "2019.10.17"]
[SourceVersion "1"]
[SourceVersionDate "2019.10.17"]
[SourceQuality "1"]

1. e4 e5 2. Nf3 Nc6 3. Bc4 Bc5 4. c3 Nf6 5. d3 0-0 6. 0-0 d6 7. h3 h6 8. Bb3 Bb6 9. Nbd2 Ne7 10. Nc4 Ng6 11. Bc2 Be6 12. a4 Bxc4 13. dxc4 a5 14. g3 Qe7 15. Kg2 Qe6 16. Qe2 Nd7 17. b4 Ne7 18. Rb1 Kh8 19. Nh4 Nc6 20. c5 dxc5 21. Bb3 Qf6 22. b5 Ne7 23. Bc4 Nc8 24. Qh5 Nd6 25. Bd5 Kh7 26. c4 g6 27. Qd1 Qe7 28. f4 Rac8 29. Qd2 exf4 30. e5 Nxe5 31. Rxf4 f5 32. Rf2 g5 33. Re2 Qf6 34. Bb2 Ne4 35. Rxe4 fxe4 36. Bxe4+ Kg8 37. Qd5+ Rf7 38. Nf3 g4 39. Nxe5 Qf2+ 40. Kh1 Rcf8 41. Nxg4 1-0

[Event "TUR-chT 2nd League"]
[Site "Konya"]
[Date "2019.07.26"]
[Round "7.4"]
[White "Yigit, Ahmet Yasir"]
[Black "Dinke, Abdullah"]
[Result "1-0"]
[WhiteElo "1962"]
[BlackElo "1870"]
[PlyCount "65"]
[EventDate "2019.07.22"]
[EventType "team-swiss"]
[EventRounds "9"]
[EventCountry "TUR"]
[SourceTitle "CBM 191 Extra"]
[Source "ChessBase"]
[SourceDate "2019.09.30"]
[SourceVersion "1"]
[SourceVersionDate "2019.09.30"]
[SourceQuality "1"]
[WhiteTeam "Seyhan Belediye"]
[BlackTeam "Marmara Universitesi"]
[WhiteTeamCountry "TUR"]
[BlackTeamCountry "TUR"]

1. e4 e6 2. d4 d5 3. Nc3 Bb4 4. e5 c5 5. Bd2 Ne7 6. f4 Nf5 7. Nf3 cxd4 8. Nb5 Ne3 9. Qc1 Bc5 10. Nbxd4 Nxf1 11. Kxf1 0-0 12. g3 Nc6 13. c3 Bd7 14. Be3 Be7 15. Kg2 a6 16. h4 Qc7 17. Qd2 Rac8 18. Rae1 b5 19. a3 Na5 20. Bf2 Nc4 21. Qc2 h6 22. g4 f6 23. Bg3 fxe5 24. fxe5 Qb6 25. g5 Be8 26. gxh6 gxh6 27. Ng5 hxg5 28. hxg5 Rf7 29. Qg6+ Rg7 30. Qh6 Bg6 31. Qh8+ Kf7 32. Ref1+ Bf5 33. g6+ 1-0

[Event "TUR-chT 2nd League"]
[Site "Konya"]
[Date "2019.07.25"]
[Round "5.10"]
[White "Dinke, Abdullah"]
[Black "Aydin, Akin"]
[Result "0-1"]
[WhiteElo "1870"]
[BlackElo "1726"]
[PlyCount "58"]
[EventDate "2019.07.22"]
[EventType "team-swiss"]
[EventRounds "9"]
[EventCountry "TUR"]
[SourceTitle "CBM 191 Extra"]
[Source "ChessBase"]
[SourceDate "2019.09.30"]
[SourceVersion "1"]
[SourceVersionDate "2019.09.30"]
[SourceQuality "1"]
[WhiteTeam "Marmara Universitesi"]
[BlackTeam "Cesme Belediye"]
[WhiteTeamCountry "TUR"]
[BlackTeamCountry "TUR"]

1. e4 e6 2. d4 d5 3. e5 c5 4. c3 Nc6 5. Nf3 Qb6 6. a3 c4 7. Be2 f6 8. exf6 Nxf6 9. 0-0 Bd6 10. Re1 0-0 11. Bf1 Bd7 12. Qe2 Rae8 13. Be3 Ng4 14. Qc2 e5 15. dxe5 Nxe3 16. Rxe3 Bc5 17. Re2 Nxe5 18. Nd4 Bxd4 19. cxd4 Qxd4 20. Nc3 Bf5 21. Qd2 Nd3 22. Rae1 Rxe2 23. Rxe2 Bg4 24. Qe3 Qxe3 25. Rxe3 d4 26. Re4 dxc3 27. Rxc4 cxb2 28. Bxd3 Rd8 29. f3 Rxd3 0-1

[Event "TUR-chT 2nd League"]
[Site "Konya"]
[Date "2019.07.23"]
[Round "2.10"]
[White "Bedel, Sercan Sahin"]
[Black "Dinke, Abdullah"]
[Result "0-1"]
[WhiteElo "1832"]
[BlackElo "1870"]
[PlyCount "52"]
[EventDate "2019.07.22"]
[EventType "team-swiss"]
[EventRounds "9"]
[EventCountry "TUR"]
[SourceTitle "CBM 191 Extra"]
[Source "ChessBase"]
[SourceDate "2019.09.30"]
[SourceVersion "1"]
[SourceVersionDate "2019.09.30"]
[SourceQuality "1"]
[WhiteTeam "Yalova Altinkale"]
[BlackTeam "Marmara Universitesi"]
[WhiteTeamCountry "TUR"]
[BlackTeamCountry "TUR"]

1. e4 e6 2. d3 d5 3. Nd2 Nf6 4. Be2 c5 5. Ngf3 Nc6 6. c3 Be7 7. Qc2 Qc7 8. 0-0 Bd7 9. Re1 0-0 10. a4 a6 11. Nf1 b5 12. Bg5 Nh5 13. g3 Bxg5 14. Nxg5 Nf6 15. f4 e5 16. exd5 Na5 17. axb5 exf4 18. bxa6 h6 19. Ne4 Nxd5 20. c4 Nb4 21. Qc3 f5 22. Nxc5 Qxc5+ 23. d4 Qc7 24. Qxb4 Rxa6 25. Qc3 Qb8 26. gxf4 Qxf4 0-1

[Event "TUR-chT 2nd League"]
[Site "Konya"]
[Date "2018.07.20"]
[Round "7.10"]
[White "Dinke, Abdullah"]
[Black "Rzayev, Askar Aliakbar"]
[Result "0-1"]
[WhiteElo "1850"]
[BlackElo "2051"]
[PlyCount "112"]
[EventDate "2018.07.16"]
[EventType "team-swiss"]
[EventRounds "9"]
[EventCountry "TUR"]
[SourceTitle "EXT 2019"]
[Source "ChessBase"]
[SourceDate "2018.10.10"]
[SourceVersion "1"]
[SourceVersionDate "2018.10.10"]
[SourceQuality "1"]
[WhiteTeam "Marmara Universitesi"]
[BlackTeam "Karaman Yunus Ortaokulu"]
[WhiteTeamCountry "TUR"]
[BlackTeamCountry "TUR"]

1. e4 Nc6 2. Bb5 e5 3. Nf3 Nge7 4. d3 a6 5. Ba4 g6 6. c3 Bg7 7. Nbd2 b5 8. Bc2 0-0 9. 0-0 d6 10. Re1 f5 11. Bb3+ Kh8 12. Ng5 Qe8 13. Ne6 Bxe6 14. Bxe6 Nd8 15. Bb3 c5 16. a4 Ndc6 17. Nf3 h6 18. exf5 gxf5 19. axb5 axb5 20. Rxa8 Qxa8 21. Ng5 Nd8 22. Qh5 Qc6 23. Nf7+ Nxf7 24. Bxf7 d5 25. Bg5 Ng8 26. Re3 Rxf7 27. Qxf7 hxg5 28. Rh3+ Nh6 29. Qxf5 d4 30. Qxg5 dxc3 31. bxc3 b4 32. Rg3 Qb7 33. Qc1 bxc3 34. h4 Nf5 35. Rxg7 Qxg7 36. Qxc3 Nxh4 37. g3 Nf3+ 38. Kg2 Qb7 39. Qxc5 Kg7 40. Kf1 Qb1+ 41. Kg2 Ne1+ 42. Kh3 Nxd3 43. Qe7+ Kg6 44. Qe6+ Kg5 45. f4+ exf4 46. Qg8+ Kf5 47. Qh7+ Ke5 48. Qe7+ Kd4 49. Qd6+ Ke3 50. Qe7+ Kf3 51. Kh4 fxg3 52. Qf6+ Nf4 53. Qc6+ Kf2 54. Qc5+ Kg2 55. Qc6+ Kh2 56. Kg4 Qg6+ 0-1

[Event "TUR-chT 2nd League"]
[Site "Konya"]
[Date "2018.07.17"]
[Round "3.4"]
[White "Abdulla, Khayala Mardan Qizi"]
[Black "Dinke, Abdullah"]
[Result "1-0"]
[WhiteElo "2231"]
[BlackElo "1850"]
[PlyCount "91"]
[EventDate "2018.07.16"]
[EventType "team-swiss"]
[EventRounds "9"]
[EventCountry "TUR"]
[SourceTitle "EXT 2019"]
[Source "ChessBase"]
[SourceDate "2018.10.10"]
[SourceVersion "1"]
[SourceVersionDate "2018.10.10"]
[SourceQuality "1"]
[WhiteTeam "Denizli Ihtisas"]
[BlackTeam "Marmara Universitesi"]
[WhiteTeamCountry "TUR"]
[BlackTeamCountry "TUR"]

1. e4 e6 2. d4 d5 3. Nd2 Nf6 4. e5 Nfd7 5. Bd3 c5 6. c3 Nc6 7. Ne2 cxd4 8. cxd4 f6 9. exf6 Nxf6 10. 0-0 Bd6 11. f4 0-0 12. Nf3 Bd7 13. a3 Qb6 14. Kh1 Ne7 15. Ng3 Nf5 16. Ne5 Bb5 17. Nxf5 exf5 18. Qe2 Bxd3 19. Qxd3 Qa6 20. Bd2 Qxd3 21. Nxd3 Ne4 22. Bb4 a5 23. Bxd6 Nxd6 24. Rfe1 Ne4 25. Rac1 Rfe8 26. Kg1 Rac8 27. Nc5 Nd6 28. Re5 Rxe5 29. dxe5 Ne4 30. Nd3 Rc4 31. b3 Rc6 32. Rxc6 bxc6 33. b4 a4 34. Nb2 Nc3 35. Kf2 Nb5 36. Ke3 Nxa3 37. Kd3 Nb5 38. Nxa4 Kf7 39. Nc5 Nc7 40. g3 h6 41. Nb3 Ke7 42. Nd4 g6 43. Nxc6+ Kd7 44. Nd4 Na6 45. Kc3 h5 46. Kb3 1-0

[Event "TUR-chT 2nd League"]
[Site "Konya"]
[Date "2018.07.17"]
[Round "2.4"]
[White "Dinke, Abdullah"]
[Black "Iskandarov, Misratdin"]
[Result "0-1"]
[WhiteElo "1850"]
[BlackElo "2477"]
[PlyCount "70"]
[EventDate "2018.07.16"]
[EventType "team-swiss"]
[EventRounds "9"]
[EventCountry "TUR"]
[SourceTitle "EXT 2019"]
[Source "ChessBase"]
[SourceDate "2018.10.10"]
[SourceVersion "1"]
[SourceVersionDate "2018.10.10"]
[SourceQuality "1"]
[WhiteTeam "Marmara Universitesi"]
[BlackTeam "Yalova Belediye"]
[WhiteTeamCountry "TUR"]
[BlackTeamCountry "TUR"]

1. e4 c5 2. Nf3 e6 3. c4 Nc6 4. Nc3 Nf6 5. d4 cxd4 6. Nxd4 Bb4 7. Nxc6 bxc6 8. e5 Ne4 9. Qd4 Qa5 10. Bd2 Nxd2 11. Kxd2 Rb8 12. Kc2 d5 13. exd6 0-0 14. Bd3 Rd8 15. a3 Bxd6 16. Qh4 f5 17. b4 Qc7 18. c5 Be5 19. Qc4 Rd4 20. Qb3 Bf6 21. g3 a5 22. Bc4 Kh8 23. Rab1 axb4 24. axb4 e5 25. Na4 f4 26. Rbd1 Bf5+ 27. Kc1 e4 28. Nb6 Qe5 29. gxf4 Qxf4+ 30. Qe3 Rxd1+ 31. Rxd1 Qe5 32. Kd2 Rd8+ 33. Bd5 cxd5 34. c6 Bg4 35. Qg3 Qb2+ 0-1

[Event "TUR-chT2"]
[Site "Konya"]
[Date "2017.07.12"]
[Round "6.2"]
[White "Bal, Enes Emre"]
[Black "Dinke, Abdullah"]
[Result "0-1"]
[WhiteElo "1961"]
[BlackElo "1841"]
[PlyCount "102"]
[EventDate "2017.07.09"]
[EventType "team-swiss"]
[EventRounds "9"]
[EventCountry "TUR"]
[SourceTitle "CBM 179 Extra"]
[Source "ChessBase"]
[SourceDate "2017.08.23"]
[SourceVersion "1"]
[SourceVersionDate "2017.08.23"]
[SourceQuality "1"]
[WhiteTeam "Pendik Dernegi"]
[BlackTeam "Marmara Universitesi"]
[WhiteTeamCountry "TUR"]
[BlackTeamCountry "TUR"]

1. d4 Nf6 2. Nf3 g6 3. Bg5 Bg7 4. Nbd2 d5 5. e3 Nbd7 6. Be2 0-0 7. h3 c5 8. c3 b6 9. 0-0 Bb7 10. Bf4 Re8 11. Ne5 Nxe5 12. Bxe5 Nd7 13. Bxg7 Kxg7 14. f4 e6 15. Bb5 a5 16. Qe2 Re7 17. g4 Nb8 18. Nf3 Ba6 19. Bxa6 Rxa6 20. g5 c4 21. Ne5 b5 22. Qf2 Qh8 23. Rae1 h5 24. e4 dxe4 25. Rxe4 Nd7 26. d5 Qa8 27. Qd4 Nxe5 28. Qxe5+ Kg8 29. Rd4 Qa7 30. Re1 Rd7 31. Kf1 Qb7 32. d6 Qf3+ 33. Kg1 Qg3+ 34. Kf1 Qxh3+ 35. Ke2 Qg2+ 36. Kd1 Qxb2 37. Rd2 Qb1+ 38. Ke2 Qf5 39. Kd1 Rb6 40. Kc1 b4 41. Qxf5 gxf5 42. Red1 Kg7 43. Rd4 Rc6 44. Kc2 f6 45. gxf6+ Kxf6 46. cxb4 axb4 47. Rh1 Rdxd6 48. Rxd6 Rxd6 49. Rxh5 Rd4 50. Rh6+ Ke7 51. Rh4 Kd6 0-1

[Event "TUR-chT2"]
[Site "Konya"]
[Date "2017.07.12"]
[Round "5.1"]
[White "Unver, Cumali"]
[Black "Dinke, Abdullah"]
[Result "1-0"]
[WhiteElo "2073"]
[BlackElo "1841"]
[PlyCount "115"]
[EventDate "2017.07.09"]
[EventType "team-swiss"]
[EventRounds "9"]
[EventCountry "TUR"]
[SourceTitle "CBM 179 Extra"]
[Source "ChessBase"]
[SourceDate "2017.08.23"]
[SourceVersion "1"]
[SourceVersionDate "2017.08.23"]
[SourceQuality "1"]
[WhiteTeam "Ankara DSI Genclik"]
[BlackTeam "Marmara Universitesi"]
[WhiteTeamCountry "TUR"]
[BlackTeamCountry "TUR"]

1. e4 e6 2. d4 d5 3. Nc3 Bb4 4. e5 c5 5. a3 Bxc3+ 6. bxc3 Qa5 7. Bd2 Qa4 8. Qb1 c4 9. h4 Ne7 10. h5 h6 11. Nf3 a5 12. Nh4 Qc6 13. Rh3 b5 14. Qd1 Na6 15. Qg4 Rg8 16. Qf4 Qc7 17. g4 Nc6 18. g5 hxg5 19. Qxg5 Qe7 20. Qg4 Qf8 21. Ng6 f5 22. exf6 Qxf6 23. Rf3 Qd8 24. h6 gxh6 25. Qh5 Kd7 26. Rf7+ Ne7 27. Nxe7 Rf8 28. Nxc8+ Kxc8 29. Bxh6 Rxf7 30. Qxf7 Qd7 31. Qxd7+ Kxd7 32. Bf4 Rf8 33. Bg3 Nb8 34. Bxb8 Rxb8 35. Kd2 Kd6 36. Re1 Rb6 37. Bh3 Ke7 38. Rxe6+ Rxe6 39. Bxe6 Kxe6 40. Ke3 Kf5 41. Kf3 Kg5 42. Kg3 Kf5 43. f3 Kg5 44. f4+ Kf5 45. Kf3 a4 46. Kg3 Ke4 47. Kg4 Ke3 48. f5 Kd2 49. f6 Kxc2 50. f7 Kxc3 51. f8Q Kxd4 52. Qb4 Kd3 53. Qxb5 d4 54. Qxa4 c3 55. Qd1+ Kc4 56. Kf3 d3 57. Ke4 d2 58. Qc2 1-0

[Event "TUR Cup"]
[Site "Antalya"]
[Date "2017.02.02"]
[Round "8"]
[White "Bal, Enes Emre"]
[Black "Dinke, Abdullah"]
[Result "1-0"]
[WhiteElo "1936"]
[BlackElo "1777"]
[PlyCount "41"]
[EventDate "2017.01.28"]
[EventType "swiss"]
[EventRounds "11"]
[EventCountry "TUR"]
[SourceTitle "CBM 176 Extra"]
[Source "ChessBase"]
[SourceDate "2017.03.02"]
[SourceVersion "1"]
[SourceVersionDate "2017.03.02"]
[SourceQuality "1"]

1. d4 e6 2. Nf3 f5 3. c4 Nf6 4. Nc3 d5 5. e3 c6 6. Bd3 Bd6 7. Ne5 0-0 8. f4 Bd7 9. 0-0 Be8 10. Qb3 b6 11. cxd5 Nxd5 12. Bd2 Qc8 13. Rac1 Qb7 14. Nxd5 cxd5 15. Bb4 Qe7 16. Bxd6 Qxd6 17. Rc8 Bd7 18. Rxf8+ Kxf8 19. Rc1 Ke7 20. Qc3 Be8 21. Qc8 1-0

[Event "TUR Cup"]
[Site "Antalya"]
[Date "2017.02.01"]
[Round "7"]
[White "Dinke, Abdullah"]
[Black "Demir, Bilal"]
[Result "1-0"]
[WhiteElo "1777"]
[BlackElo "2061"]
[PlyCount "47"]
[EventDate "2017.01.28"]
[EventType "swiss"]
[EventRounds "11"]
[EventCountry "TUR"]
[SourceTitle "CBM 176 Extra"]
[Source "ChessBase"]
[SourceDate "2017.03.02"]
[SourceVersion "1"]
[SourceVersionDate "2017.03.02"]
[SourceQuality "1"]

1. e4 e5 2. d4 exd4 3. Qxd4 Nc6 4. Qe3 d6 5. Nc3 Nf6 6. Bd2 Be7 7. 0-0-0 0-0 8. Bc4 Na5 9. Bd3 c5 10. f4 Re8 11. Nf3 a6 12. Rhe1 b5 13. e5 Bf8 14. Qf2 Ng4 15. Qg3 Nh6 16. Ng5 Bg4 17. Bxh7+ Kh8 18. Be4 Rb8 19. Nxf7+ Nxf7 20. Qxg4 Be7 21. Qg6 Kg8 22. Bd5 Rf8 23. Be4 Re8 24. Qh7+ 1-0

[Event "TUR Cup"]
[Site "Antalya"]
[Date "2017.01.31"]
[Round "5"]
[White "Dinke, Abdullah"]
[Black "Uzuner, Tufan Can"]
[Result "0-1"]
[WhiteElo "1777"]
[BlackElo "2069"]
[PlyCount "70"]
[EventDate "2017.01.28"]
[EventType "swiss"]
[EventRounds "11"]
[EventCountry "TUR"]
[SourceTitle "CBM 176 Extra"]
[Source "ChessBase"]
[SourceDate "2017.03.02"]
[SourceVersion "1"]
[SourceVersionDate "2017.03.02"]
[SourceQuality "1"]

1. e4 d5 2. exd5 Qxd5 3. Nc3 Qd6 4. Nf3 Nf6 5. Be2 c6 6. 0-0 Bg4 7. d4 e6 8. Ne5 Bxe2 9. Nxe2 Qc7 10. Bf4 Bd6 11. Nd3 0-0 12. Re1 Nbd7 13. a4 e5 14. dxe5 Nxe5 15. Nxe5 Bxe5 16. Bxe5 Qxe5 17. Nc3 Qf4 18. g3 Qf5 19. Qd3 Qh5 20. Kg2 Rad8 21. Qe2 Qg6 22. Rad1 h6 23. Rxd8 Rxd8 24. Ne4 Nd5 25. Qf3 Re8 26. c4 Nc7 27. Re3 Re5 28. Qf4 f6 29. Nd6 Ne6 30. Qf3 b6 31. Rxe5 fxe5 32. Qxc6 Nf4+ 33. Kf3 Qd3+ 34. Kg4 h5+ 35. Kh4 g5+ 0-1

[Event "Istanbul op"]
[Site "Istanbul"]
[Date "2016.08.29"]
[Round "1"]
[White "Bagaturov, Giorgi"]
[Black "Dinke, Abdullah"]
[Result "1-0"]
[WhiteElo "2407"]
[BlackElo "1780"]
[PlyCount "25"]
[EventDate "2016.08.29"]
[EventType "swiss"]
[EventRounds "9"]
[EventCountry "TUR"]
[SourceTitle "CBM 174 Extra"]
[Source "ChessBase"]
[SourceDate "2016.10.10"]
[SourceVersion "1"]
[SourceVersionDate "2016.10.10"]
[SourceQuality "1"]

1. d4 e6 2. Nf3 d5 3. c4 c6 4. Qc2 Nf6 5. g3 Be7 6. Bg2 Nbd7 7. 0-0 0-0 8. Rd1 Re8 9. Nbd2 Bf8 10. Nb1 Be7 11. Nbd2 Bf8 12. Qc3 Bc5 13. Qb3 1-0

[Event "Istanbul Kartal op"]
[Site "Istanbul"]
[Date "2015.06.25"]
[Round "5"]
[White "Dinke, Abdullah"]
[Black "Romi, Izak"]
[Result "1/2-1/2"]
[WhiteElo "1769"]
[BlackElo "1976"]
[PlyCount "106"]
[EventDate "2015.06.23"]
[EventType "swiss"]
[EventRounds "9"]
[EventCountry "TUR"]
[SourceTitle "CBM 167 Extra"]
[Source "ChessBase"]
[SourceDate "2015.09.14"]
[SourceVersion "1"]
[SourceVersionDate "2015.09.14"]
[SourceQuality "1"]

1. e4 c6 2. d4 d5 3. Nc3 dxe4 4. Nxe4 Bf5 5. Ng3 Bg6 6. Nf3 Nd7 7. h4 h6 8. h5 Bh7 9. Bd3 Bxd3 10. Qxd3 Qc7 11. c4 e6 12. Bd2 Ngf6 13. 0-0-0 0-0-0 14. Kb1 c5 15. Rh4 Bd6 16. Ne2 a6 17. Qc2 Kb8 18. b4 b6 19. bxc5 bxc5 20. Qa4 Qb7+ 21. Ka1 Nb6 22. Qc2 Ka7 23. Rb1 Rb8 24. Be3 Qc8 25. Ne5 Bxe5 26. dxe5 Nfd7 27. f4 Qc6 28. Rg4 Na4 29. Rb3 Rhg8 30. Ng3 f5 31. Rh4 Rgd8 32. Rh1 Ndb6 33. Rhb1 Rb7 34. Nf1 Rdb8 35. Nh2 Nd7 36. g4 fxg4 37. Nxg4 Ka8 38. Nf2 Nab6 39. Ne4 Nc8 40. Rg1 Qa4 41. Kb2 Ncb6 42. Nd6 Rc7 43. Rxg7 Qc6 44. Rg6 Na4+ 45. Ka3 Rb4 46. Rg8+ Nb8 47. Rxb4 cxb4+ 48. Kxb4 Nb6 49. Qg2 Nd5+ 50. cxd5 Qc3+ 51. Ka4 Rc4+ 52. Nxc4 Qxc4+ 53. Ka3 Qc3+ 1/2-1/2

[Event "Istanbul Kartal op"]
[Site "Istanbul"]
[Date "2015.06.24"]
[Round "2"]
[White "Dinke, Abdullah"]
[Black "Grigoriev, Armen"]
[Result "0-1"]
[WhiteElo "1769"]
[BlackElo "2187"]
[PlyCount "114"]
[EventDate "2015.06.23"]
[EventType "swiss"]
[EventRounds "9"]
[EventCountry "TUR"]
[SourceTitle "CBM 167 Extra"]
[Source "ChessBase"]
[SourceDate "2015.09.14"]
[SourceVersion "1"]
[SourceVersionDate "2015.09.14"]
[SourceQuality "1"]

1. e4 c6 2. d4 d5 3. Nc3 b5 4. a3 a6 5. Bd3 g6 6. e5 Nh6 7. h3 Nf5 8. Nf3 Qb6 9. Ne2 c5 10. c3 cxd4 11. g4 Ng7 12. cxd4 h5 13. Rg1 hxg4 14. hxg4 Ne6 15. Qc2 Nc6 16. Be3 Bd7 17. Qb3 Na5 18. Qd1 Nc4 19. Bxc4 bxc4 20. Qc2 Rb8 21. 0-0-0 Qb3 22. Nc3 Nc7 23. Qxb3 Rxb3 24. Nd2 Rb7 25. f3 Bc6 26. Rh1 Rg8 27. f4 Bd7 28. Rdg1 f6 29. Rh7 Rg7 30. Rxg7 Bxg7 31. f5 fxe5 32. Nf3 exd4 33. Bxd4 Bxd4 34. Nxd4 gxf5 35. gxf5 Kf7 36. Rh1 Kf6 37. Rh7 Rb8 38. Rh6+ Ke5 39. Nc6+ Bxc6 40. Rxc6 Rb7 41. Na4 Kxf5 42. Nc5 Ra7 43. Kd2 e5 44. Ke3 a5 45. a4 Ne8 46. Kd2 d4 47. Rc8 Nf6 48. Kc2 e4 49. Rd8 Ke5 50. Kd2 e3+ 51. Ke2 Rc7 52. Na6 Rh7 53. Nb8 Rh2+ 54. Kf3 Rf2+ 55. Kg3 Ne4+ 56. Kh3 e2 57. Nc6+ Kf4 0-1

[Event "Manavgat Turkey Cup"]
[Site "Manavgat"]
[Date "2015.02.05"]
[Round "9"]
[White "Dinke, Abdullah"]
[Black "Yassibag, Ipek Asli"]
[Result "1-0"]
[WhiteElo "1759"]
[BlackElo "1583"]
[PlyCount "53"]
[EventDate "2015.01.31"]
[EventType "swiss"]
[EventRounds "11"]
[EventCountry "TUR"]
[SourceTitle "CBM 164 Extra"]
[Source "ChessBase"]
[SourceDate "2015.03.02"]
[SourceVersion "1"]
[SourceVersionDate "2015.03.02"]
[SourceQuality "1"]

1. e4 e5 2. Nf3 Nf6 3. Nc3 Nc6 4. Bc4 Bc5 5. d3 h6 6. Be3 Bb6 7. Nd5 Bxe3 8. Nxe3 d6 9. h3 Na5 10. Bb3 Nxb3 11. axb3 0-0 12. Nh2 d5 13. Qf3 dxe4 14. dxe4 Qd4 15. c3 Qd3 16. Nd5 Qxf3 17. Nxf3 Nxd5 18. exd5 Bf5 19. Nd2 a6 20. 0-0-0 Rad8 21. c4 Rfe8 22. Rhe1 b5 23. Ne4 Bxe4 24. Rxe4 b4 25. Kc2 f6 26. Ra1 Ra8 27. Ra5 1-0

[Event "Kemer Turkey Cup"]
[Site "Kemer"]
[Date "2014.02.02"]
[Round "3"]
[White "Dinke, Abdullah"]
[Black "Erdogan, Yunus Emre"]
[Result "1/2-1/2"]
[WhiteElo "1766"]
[BlackElo "1553"]
[PlyCount "45"]
[EventDate "2014.02.01"]
[EventType "swiss"]
[EventRounds "9"]
[EventCountry "TUR"]
[SourceTitle "CBM 158 Extra"]
[Source "ChessBase"]
[SourceDate "2014.02.28"]
[SourceVersion "1"]
[SourceVersionDate "2014.02.28"]
[SourceQuality "1"]

1. g4 d5 2. Bg2 g6 3. c4 c6 4. cxd5 cxd5 5. Qb3 e6 6. d3 Bg7 7. Nf3 Nc6 8. Nc3 Bd7 9. a3 Qb6 10. Qxb6 axb6 11. e4 Nge7 12. Nd2 Nb4 13. Ke2 d4 14. Na2 Nxa2 15. Rxa2 e5 16. h3 h5 17. b4 Nc6 18. Rc2 0-0 19. g5 Nd8 20. Nb1 Ne6 21. Rd2 f6 22. h4 fxg5 23. hxg5 1/2-1/2